<?xml version="1.0" encoding="UTF-8"?>
<collection xmlns="http://www.loc.gov/MARC21/slim">
<record>
  <controlfield tag="001">4655</controlfield>
  <controlfield tag="005">20210125102934.0</controlfield>
  <datafield tag="024" ind1="7" ind2=" ">
    <subfield code="a">https://doi.org/10.1007/978-3-030-10475-7_137-1</subfield>
    <subfield code="2">DOI</subfield>
  </datafield>
  <datafield tag="037" ind1=" " ind2=" ">
    <subfield code="a">BKSECT-2020-0001</subfield>
  </datafield>
  <datafield tag="100" ind1=" " ind2=" ">
    <subfield code="a">Bruyninx, C.</subfield>
  </datafield>
  <datafield tag="245" ind1=" " ind2=" ">
    <subfield code="a">GPS, Data Acquisition and Analysis</subfield>
  </datafield>
  <datafield tag="260" ind1=" " ind2=" ">
    <subfield code="c">2020</subfield>
  </datafield>
  <datafield tag="594" ind1=" " ind2=" ">
    <subfield code="a">NO</subfield>
  </datafield>
  <datafield tag="700" ind1=" " ind2=" ">
    <subfield code="a">Legrand, J. </subfield>
  </datafield>
  <datafield tag="700" ind1=" " ind2=" ">
    <subfield code="a">Aerts, W. </subfield>
  </datafield>
  <datafield tag="773" ind1=" " ind2=" ">
  </datafield>
  <datafield tag="856" ind1="0" ind2=" ">
    <subfield code="f">carine.bruyninx@observatoire.be</subfield>
  </datafield>
  <datafield tag="980" ind1=" " ind2=" ">
    <subfield code="a">BOOKSECT</subfield>
  </datafield>
</record>
</collection>